| 000 | 00685cam a2200217 4500 | ||
|---|---|---|---|
| 001 | B2546 | ||
| 008 | 090401t1925 xxu||||| |||| 00| 0 eng d | ||
| 035 | _a(Sirsi) u50725 | ||
| 041 | _aeng | ||
| 050 | _a729.28 | ||
| 100 | _aWaldram, Percy J | ||
| 245 | 4 | _aThe natural and artificial lighting of buildings | |
| 260 |
_aLondon _c1925 |
||
| 300 | _a30p. : ill. ; 23cm. | ||
| 350 | _a35 | ||
| 520 | _aReprinted from the Journal of the Royal Institute of British Architects , vol. xxxii, 3 ser., No. 13. - Bound with other articles in volume with spine title: Papers on daylight illumination . | ||
| 650 | _aDAYLIGHT | ||
| 650 | _aSUNLIGHT | ||
| 942 | _n0 | ||
| 948 | _c04/03/1997 | ||
| 999 |
_c92742 _d92742 |
||